| 000 | 00657cam a2200181 i 4500 | ||
|---|---|---|---|
| 005 | 20251120132346.0 | ||
| 008 | 250721s2008 ua gr 000 0 ara d | ||
| 020 | _a9772904217 | ||
| 082 | 1 | 4 |
_a211.2 _bر ز ق |
| 100 | 1 |
_aرزق، عبد العزيز محمد فرحات _eمعد. |
|
| 245 | 1 | 0 |
_aفيض الوهاب في تجويد آيات الكتاب / _cاعداد الشيخ عبد العزيز محمد فرحات رزق. |
| 264 | 3 | 1 |
_aالمنصورة : _bمكتبة الإيمان، _c2008. |
| 300 | _a239 صفحة. | ||
| 650 | 1 | 7 | _aالقرآن الكريم. |
| 653 | _aتجويد القرآن | ||
| 942 |
_2ddc _cBK |
||
| 999 |
_c110155 _d110155 |
||